<?xml version="1.0" encoding="UTF-8"?>
<record
    xmlns:xsi="http://www.w3.org/2001/XMLSchema-instance"
    xsi:schemaLocation="http://www.loc.gov/MARC21/slim http://www.loc.gov/standards/marcxml/schema/MARC21slim.xsd"
    xmlns="http://www.loc.gov/MARC21/slim">

  <leader>00737nam  22002173  4500</leader>
  <controlfield tag="001">202092</controlfield>
  <datafield tag="010" ind1=" " ind2=" ">
    <subfield code="a">972-25-0755-9</subfield>
  </datafield>
  <datafield tag="021" ind1=" " ind2=" ">
    <subfield code="a">PT</subfield>
    <subfield code="b">63490/93</subfield>
  </datafield>
  <datafield tag="090" ind1=" " ind2=" ">
    <subfield code="a">202092</subfield>
  </datafield>
  <datafield tag="100" ind1=" " ind2=" ">
    <subfield code="a">20240110d        u||y0pory50      ba</subfield>
  </datafield>
  <datafield tag="200" ind1=" " ind2=" ">
    <subfield code="a">Conta-corrente</subfield>
    <subfield code="f">Verg&#xED;lio Ferreira</subfield>
    <subfield code="e">nova s&#xE9;rie</subfield>
  </datafield>
  <datafield tag="210" ind1=" " ind2=" ">
    <subfield code="a">Amadora</subfield>
    <subfield code="c">Livraria Bertrand</subfield>
    <subfield code="d">imp. 1993</subfield>
  </datafield>
  <datafield tag="215" ind1=" " ind2=" ">
    <subfield code="a">3 vols</subfield>
    <subfield code="c">brochado</subfield>
    <subfield code="d">21 cm</subfield>
  </datafield>
  <datafield tag="300" ind1=" " ind2=" ">
    <subfield code="a">Cont&#xE9;m algumas notas do Prof. Dr. Almeida Faria ao longo dos tr&#xEA;s livros</subfield>
  </datafield>
  <datafield tag="327" ind1=" " ind2=" ">
    <subfield code="a">vol.I: 291, [1] p.
vol.II : 399, [1] p.
vol.II : 262, [1] p.

</subfield>
  </datafield>
  <datafield tag="606" ind1=" " ind2=" ">
    <subfield code="a">Literatura Portuguesa</subfield>
    <subfield code="9">6</subfield>
  </datafield>
  <datafield tag="675" ind1=" " ind2=" ">
    <subfield code="a">821.134.3-3</subfield>
    <subfield code="v">PT</subfield>
    <subfield code="z">por</subfield>
  </datafield>
  <datafield tag="700" ind1=" " ind2=" ">
    <subfield code="9">1045</subfield>
    <subfield code="a">Ferreira</subfield>
    <subfield code="b">Verg&#xED;lio</subfield>
    <subfield code="f">1916-1996</subfield>
  </datafield>
  <datafield tag="801" ind1=" " ind2=" ">
    <subfield code="a">PT</subfield>
    <subfield code="b">BMMN</subfield>
    <subfield code="g">RPC</subfield>
  </datafield>
  <datafield tag="830" ind1=" " ind2=" ">
    <subfield code="c">Ana Falardo</subfield>
    <subfield code="f">Ana Falardo</subfield>
  </datafield>
  <datafield tag="990" ind1=" " ind2=" ">
    <subfield code="c">LIVROS</subfield>
  </datafield>
  <datafield tag="995" ind1=" " ind2=" ">
    <subfield code="0">0</subfield>
    <subfield code="2">0</subfield>
    <subfield code="5">2026-05-08</subfield>
    <subfield code="9">31789</subfield>
    <subfield code="b">BMMN</subfield>
    <subfield code="f">31509</subfield>
    <subfield code="k">821.134.3-3 FER|SAF vol.I</subfield>
    <subfield code="o">0</subfield>
    <subfield code="r">LIVROS</subfield>
    <subfield code="u">Acesso Condicionado</subfield>
    <subfield code="s">Oferta</subfield>
  </datafield>
  <datafield tag="995" ind1=" " ind2=" ">
    <subfield code="0">0</subfield>
    <subfield code="2">0</subfield>
    <subfield code="5">2026-05-08</subfield>
    <subfield code="9">31790</subfield>
    <subfield code="b">BMMN</subfield>
    <subfield code="f">31510</subfield>
    <subfield code="k">821.134.3-3 FER|SAF vol.II</subfield>
    <subfield code="o">0</subfield>
    <subfield code="r">LIVROS</subfield>
    <subfield code="u">Acesso Condicionado</subfield>
    <subfield code="s">Oferta</subfield>
  </datafield>
  <datafield tag="995" ind1=" " ind2=" ">
    <subfield code="0">0</subfield>
    <subfield code="2">0</subfield>
    <subfield code="5">2026-05-08</subfield>
    <subfield code="9">31791</subfield>
    <subfield code="b">BMMN</subfield>
    <subfield code="f">31511</subfield>
    <subfield code="k">821.134.3-3 FER|SAF vol.III</subfield>
    <subfield code="o">0</subfield>
    <subfield code="r">LIVROS</subfield>
    <subfield code="u">Acesso Condicionado</subfield>
    <subfield code="s">Oferta</subfield>
  </datafield>
</record>
